| 000 | 03889nam a2200409 a 4500 | ||
|---|---|---|---|
| 001 | BRCA_4924 | ||
| 005 | 20190320204848.0 | ||
| 008 | 211010m18241849mx-####f#v---#000-0#spa-# | ||
| 041 | _aspa | ||
| 044 | _amx | ||
| 084 |
_aDOC19 _b.H47 _c1824 |
||
| 100 | 1 |
_aHerrera Ricardos, José Joaquín de _d1792-1854 _912484 |
|
| 245 | 1 | 0 |
_aDocumento firmado por José Joaquín de Herrera Ricardos _cJosé Joaquín de Herrera Ricardos ... [et al.] |
| 260 |
_aMéxico _c1824-1849 |
||
| 300 |
_a[4] fojas _c31 x 21 cm |
||
| 500 | _aPrimer folio: En la parte superior, Escudo del Gobierno Nacional de México (Águila Real) con la inscripción: SELLO SEGUNDO DOCE REALES. Para los años de mil ochocientos veinticinco. Escudo Nacional abultado en la parte inferior. Encabezado: EL SUPREMO PODER EJECUTIVO. Nombrado provisionalmente por el Soberano Congreso Constituyente Mexicano. Siendo Presidente Don José Joaquín de Herrera, se le concede grado de Capitán del Ejército al Teniente del Batallón Don Manuel López a partir del 12 de diciembre de 1821, por sus méritos y servicios a la Independencia de México, dado en el Palacio de México el 23 de enero de 1824. Firmas autógrafas de Don José Mariano Michelena, Don Miguel Dominguez, Don José Joaquín de Herrera. Ausente el señor Guerrero en comisión al servicio. Reverso: Acuse de recibido de la Comandancia General del Estado de Guanajuato, de la Tesorería Principal del Cuartel de Guanajuato y de la Oficina de Tropa de la Tesorería de Guanajuato. | ||
| 500 | _aSegundo folio: En la parte superior del Escudo Nacional (Águila Real) e inscripción: SELLO CUARTO DE OFICIO, sello lacrado. Para los años de mil ochocientos cuarenta y milochocientos cuarenta y uno. Al margén: Destinado solamente para las causas criminales que se sigan de oficio en todos los juzgados y tribunales de la República. Contiene una consulta del señor alcabalas y contribuciones directas al señor Tesorero Departamental de Guanajuato sobre si se debe continuar pagando sus sueldos a los cesantes y militares retirados que han continuado prestando sus servicios en algunas oficinas. Fechado en México el 9 de febrero de 1845 | ||
| 500 | _aTercer folio: Concesión de un Escudo de Distinción a Don Manuel López subteniente del Regimiento de Toluca, otorgada por el Virrey de Nueva España Don Juan Ruíz de Apodaca, el 19 de junio de 1818 por haberse distinguido contra los rebeldes en el Sitio y Toma del Fuerte Jauqilla. Firmado en México por Don Juan Ruíz de Apodaca y Patricio Romana. En la parte superior grabado el emblema español. | ||
| 500 | _aCuarto folio: Al margén sello de la aduana de Cuautitlán constancia del pago de un peso cuatro centavos de diferencia del precio del papel de acuerdo con el decreto de 20 de abril de 1848. Firmado en México el 3 de enero de 1849 por Marcos Moreno, Manuel Morales y Manuel Durán. | ||
| 500 | _aDocumento con escudo del águila republicana en las fojas 1 y 3 y escudo de armas de Juan Ruíz de Apodaca en la foja 4 | ||
| 500 | _aEl documento tiene la leyenda DOC. #28 | ||
| 500 | _aPapel con marca de agua | ||
| 506 | 0 | _aFondo reservado: para su consulta es necesario credencial de usuario y carta de motivos | |
| 546 | _aTexto en: español a mediados del siglo XIX | ||
| 600 | 1 | 4 |
_aHerrera Ricardos, José Joaquín de _d1792-1854 _912484 |
| 651 | 4 |
_aMéxico _vImpreso con rúbricas _xHistoria _yFederalismo y centralismo, 1824-1853 _912485 |
|
| 700 | 1 |
_aLópez, Don Manuel _cCapitán _d1780-1860 _912486 |
|
| 700 | 1 |
_aMariano de Michelena, José _d1772-1852 _912487 |
|
| 700 | 1 |
_aDominguez Alemán, Miguel Ramón _d1756-1830 _912488 |
|
| 700 | 1 |
_aRuíz de Apodaca, Juan _d1754-1835 _912489 |
|
| 700 | 1 |
_aRomana, Patricio _912490 |
|
| 700 | 1 |
_aMoreno, Marcos _912491 |
|
| 700 | 1 |
_aMorales, Manuel _912492 |
|
| 700 | 1 |
_aDurán, Manuel _99825 |
|
| 902 | _aFDH | ||
| 942 |
_2lcc _cD |
||
| 999 |
_c4618 _d4618 |
||